|
|
|
|
| LEADER |
00000ny a22000003n 4500 |
| 005 |
20110614112752.0 |
| 008 |
100514s2009 ck 000 0 spa d |
| 020 |
|
|
|a 9789588378862
|
| 035 |
|
|
|a 4895
|
| 040 |
|
|
|a BUS
|d vLex
|
| 090 |
|
|
|c 649
|d 649
|
| 100 |
1 |
|
|a Varela Pezzano, Eduardo Secondo
|
| 245 |
1 |
0 |
|a Tecnologa̕s peer-to-peer, derechos de autor y copyright
|h [Recurso electrn̤ico]
|c Eduardo Secondo Varela Pezzano
|
| 256 |
|
|
|a Servicio en ln̕ea
|
| 260 |
|
|
|a [Colombia] :
|b Editorial Universidad de Rosario (Colombia),
|c 2009
|
| 506 |
1 |
|
|a Contenido solo disponible en los productos indicados
|d vLex Global
|d vLex Global (Academic Edition, excluding Law Schools)
|d vLex Global (U.S. Academic Edition, Law Schools)
|d vLex Global (U.S. Academic Edition, excluding Law Schools)
|d vLex Global (Academic Edition, Law Schools)
|
| 650 |
0 |
4 |
|a Derechos de autor
|
| 650 |
0 |
4 |
|a P2P (Redes de ordenadores)
|
| 740 |
0 |
|
|a vLex Libros (Servicios en ln̕ea)
|
| 856 |
4 |
0 |
|u http://vlex.com/source/4895
|z Acceso restringido
|
| 942 |
|
|
|c BOOK
|
| 999 |
0 |
|
|a Copyright
|b Colombia
|